Dibujo para arquitectos : (Registro nro. 62104)

Detalles MARC
000 -LEADER
campo de control de longitud fija 01888nam a2200421 c 4500
003 - IDENTIFICADOR DE NÚMERO DE CONTROL
campo de control PE-LiUPU
005 - FECHA Y HORA DE LA ÚLTIMA TRANSACCIÓN
campo de control 20250731183446.0
008 - DATOS DE LONGITUD FIJA--INFORMACIÓN GENERAL
campo de control de longitud fija 170127s2017 sp a 001 0 spa
020 ## - NÚMERO INTERNACIONAL ESTÁNDAR DEL LIBRO
Número Internacional Estándar del Libro 9788416504671
040 ## - FUENTE DE CATALOGACIÓN
Centro catalogador/agencia de origen UAL
Lengua de catalogación spa
Centro/agencia transcriptor PE-LiUPU
Normas de descripción rdc
Centro/agencia modificador PE-LiUPU
041 1# - CÓDIGO DE IDIOMA
Código de lengua del texto/banda sonora o título independiente spa
Código de lengua original eng
080 ## - NÚMERO DE LA CLASIFICACIÓN DECIMAL UNIVERSAL
Número de la Clasificación Decimal Universal 72.012
082 ## - NÚMERO DE LA CLASIFICACIÓN DECIMAL DEWEY
Número de edición 23
Número de clasificación 720.284
Cutter M478d
100 1# - ENTRADA PRINCIPAL--NOMBRE DE PERSONA
Nombre de persona McMorrough, Julia
Término indicativo de función/relación autor.
240 10 - TÍTULO UNIFORME
Título uniforme Drawing or Architects
Lenguaje de la obra Español
245 10 - MENCIÓN DEL TÍTULO
Título Dibujo para arquitectos :
Resto del título cómo usar la ilustración para explorar conceptos, definir elementos y diseñar edificios con eficacia /
Mención de responsabilidad, etc. Julia McMorrough ; [traducción, Jesús de Cos Pinto y Alicia Misrahi Vallès].
250 ## - MENCION DE EDICION
Mención de edición Primera edición
264 ## - PRODUCCIÓN, PUBLICACIÓN, DISTRIBUCIÓN, FABRICACIÓN Y COPYRIGHT
Producción, publicación, distribución, fabricación y copyright Barcelona :
Nombre del de productor, editor, distribuidor, fabricante Promopress,
Fecha de producción, publicación, distribución, fabricación o copyright 2017.
300 ## - DESCRIPCIÓN FÍSICA
Extensión 192 páginas :
Otras características físicas ilustraciones, planos ;
Dimensiones 23 centímetros.
336 ## - TIPO DE CONTENIDO
Término de tipo de contenido Imagen (fija ; bidimensional ; visual).
-- Texto (visual)
Fuente isbdcontent]
337 ## - TIPO DE MEDIO
Nombre/término del tipo de medio sin mediación
Fuente isbdmedia]
500 ## - NOTA GENERAL
Nota general Índice
504 ## - NOTA DE BIBLIOGRAFÍA, ETC.
Nota de bibliografía, etc. Bibliografía: p. 185
505 ## - NOTA DE CONTENIDO CON FORMATO
Nota de contenido con formato Tipos de proyecciones -- El dibujo en la historia -- Guía -- Plano -- Sección -- Alzado -- Axonométrica -- Oblicua -- Perspectiva -- Formatos estándar -- Los lenguajes del arquitecto -- Elaboración e interpretación -- Dibujo y producción digital -- Muestras gráficas -- Dibujar para diseñar -- Colaboraciones -- Créditos de la imágenes.
526 ## - NOTA DE INFORMACIÓN SOBRE EL PROGRAMA DE ESTUDIO
Nombre del programa Maestría Bim Facility Management (A distancia)
526 ## - NOTA DE INFORMACIÓN SOBRE EL PROGRAMA DE ESTUDIO
Nombre del programa
526 ## - NOTA DE INFORMACIÓN SOBRE EL PROGRAMA DE ESTUDIO
Nombre del programa Educación musical y artes
526 ## - NOTA DE INFORMACIÓN SOBRE EL PROGRAMA DE ESTUDIO
Nombre del programa Educación, especialidad educación física
526 ## - NOTA DE INFORMACIÓN SOBRE EL PROGRAMA DE ESTUDIO
Nombre del programa Arquitectura
650 17 - PUNTO DE ACCESO ADICIONAL DE MATERIA--TÉRMINO DE MATERIA
Término de materia o nombre geográfico como elemento de entrada Dibujo de arquitectura
Fuente del encabezamiento o término embne
700 1# - ENTRADA AGREGADA--NOMBRE PERSONAL
Nombre de persona Cos, Jesús de
Fechas asociadas al nombre 1957-
Término indicativo de función/relación traductor
Relación trl
700 1# - ENTRADA AGREGADA--NOMBRE PERSONAL
Nombre de persona Misrahi, Alicia
Fechas asociadas al nombre 1967-
Término indicativo de función/relación traductor
Relación trl
901 ## - ELEMENTOS DE DATOS A LOCAL LDA (RLIN)
a MON1801
942 ## - ELEMENTOS DE ENTRADA SECUNDARIOS (KOHA)
Fuente del sistema de clasificación o colocación Clasificación Decimal Dewey
Tipo de ítem Koha Libros físicos
956 ## - LOCALIZACIÓN Y ACCESO ELECTRÓNICOS LOCAL (OCLC)
Nombre del host 2
980 ## - EQUIVALENCIA O REFERENCIA-CRUZADA-MENCIÓN DE SERIE--NOMBRE DE PERSONA/TÍTULO [LOCAL, CANADÁ]
ID del último usuario que modificó el registro 1
Nombre del último usuario que modificó el registro ALBERTO SANCHEZ Responsable de Automatización
Existencias
Visto por última vez Total de préstamos Signatura topográfica completa Código de barras Fecha del último préstamo Copia número Coste, precio de reemplazo Fecha de reemplazo Facultad Tipo de ítem Koha Estado de pérdida Fuente del sistema de clasificación o colocación Restricciones de uso No para préstamo Colección Programa académico Biblioteca de origen Biblioteca actual Ubicación en estantería Fecha de adquisición Fuente de adquisición Coste, precio normal de compra
2026-04-09 1 720.284 M478d 81775 2026-04-01 e1 49.18 2023-12-19 FIA Libros físicos No Perdido Clasificación Decimal Dewey No restringido Disponible para préstamos Colección General Arquitectura Biblioteca CRAI UPeU Lima Biblioteca CRAI UPeU Lima Sala principal 2023-11-23 Compra. DAVAU SAC 44.18
2024-01-02           49.15 2024-01-02   Libros físicos No Perdido Clasificación Decimal Dewey   Disponible para préstamos     Biblioteca CRAI UPeU Lima Biblioteca CRAI UPeU Lima Oficina de Procesamiento Técnico 2024-01-02 3 165.00